Liberalismo, indigenismo y violencia en los países andinos (1850-1995) / (Registro nro. 4490)

000 -CABECERA
campo de control de longitud fija 01221nam a22002057a 4500
005 - FECHA Y HORA DE LA ÚLTIMA TRANSACCIÓN
campo de control 20260326200120.0
008 - DATOS DE LONGITUD FIJA--INFORMACIÓN GENERAL
campo de control de longitud fija 260326b ||||fr|||| 00| 0 eng d
020 ## - NÚMERO INTERNACIONAL ESTÁNDAR DEL LIBRO
ISBN 9972-45-045-7
040 ## - FUENTE DE LA CATALOGACIÓN
Centro catalogador/agencia de origen CENDOC CAAAP
Lengua de catalogación spa
Centro/agencia transcriptor CAAAP
041 ## - CÓDIGO DE LENGUA
Código de lengua del texto/banda sonora o título independiente spa
050 ## - SIGNATURA TOPOGRÁFICA DE LA BIBLIOTECA DEL CONGRESO
Número de clasificación JC 421
Número de documento/Ítem T18
100 1# - ENTRADA PRINCIPAL--NOMBRE DE PERSONA
9 (RLIN) 5859
Nombre personal Tamayo Herrera, José
245 1# - MENCIÓN DE TÍTULO
Título Liberalismo, indigenismo y violencia en los países andinos (1850-1995) /
Mención de responsabilidad, etc. José Tamayo Herrera
250 ## - MENCIÓN DE EDICIÓN
Mención de edición 1ra edición
260 ## - PUBLICACIÓN, DISTRIBUCIÓN, ETC.
Lugar de publicación, distribución, etc. Lima, Perú :
Nombre del editor, distribuidor, etc. Universidad de Lima,
Fecha de publicación, distribución, etc. 1998.
300 ## - DESCRIPCIÓN FÍSICA
Extensión 140 páginas ;
Dimensiones 24 x 17 cm
520 ## - NOTA DE RESUMEN
Ampliación de la nota de sumario El libro presenta cuatro capítulos aparentemente independientes, pero unidos por un hilo conductor común. Los dos primeros analizan la historia de las ideas: el nativismo o indigenismo como respuesta a la aculturación occidental, y el pensamiento liberal surgido desde la independencia. Los últimos comparan la violencia en Colombia y Perú, y examinan la evolución universitaria en Chile y Bolivia, destacando su politización e influencia ideológica, especialmente marxista, y su impacto en la sociedad contemporánea y en la cultura política.
650 #0 - PUNTO DE ACCESO ADICIONAL DE MATERIA--TÉRMINO DE MATERIA
9 (RLIN) 25
Término de materia o nombre geográfico como elemento de entrada Violencia Política
Subdivisión de forma Liberalismo
Subdivisión general Movimientos indígenas
942 ## - ELEMENTOS PERSONALIZADOS KOHA
Fuente del sistema de clasificación o colocación
Fecha de catalogación DD - MM - AA
Existencias
Fuente del sistema de clasificación o colocación Localización permanente Ubicación/localización actual Fecha de adquisición Total de préstamos Signatura LC Fecha visto por última vez
  CENTRO DE DOCUMENTACIÓN (CENDOC) CENTRO DE DOCUMENTACIÓN (CENDOC) 03/26/2026   JC 421 T18 03/26/2026
Centro de Documentación CAAAP | AV. Manuel González Prada 626, Magdalena del Mar | (51-1) 4615223 Anexo 205 y 209 | cendoc@caaap.org.pe